00373nam a2200097Ia 4500008004100000041000800041100002900049245010500078260005000183650004200233191203s9999 xx 000 0 und d aeng aYasara Erandi Ranasinghe 0aEvaluation of urease inhibitory activity in the seed coat (testa) and the mesocarp if Cocos nucifera aInstitiute of Chemistri CeylonbColomboc2019 a"Seminar Reports ,Dissertations,2019"